Serie A winners - Statistics

General Stats
  • This quiz has been taken 77 times
  • The average score is 11 of 17
Answer Stats
Titles Team % Correct
19 AC Milan
99%
20 Inter Milan
99%
36 Juventus
99%
3 AS Roma
97%
2 S.S. Lazio
97%
3 SSC Napoli
90%
2 ACF Fiorentina
82%
8 Torino FC
81%
7 Bologna FC
72%
1 Cagliari Calcio
51%
1 Hellas Verona
51%
1 Sampdoria
51%
7 Pro Vercelli
46%
1 Casale
14%
9 Genoa CFC
10%
1 US Novese
10%
1 Spezia Calcio
1%
No matching quizzes found
Score Distribution
Percent of People with Each Score
Percentile by Number Answered
Your Score History
You have not taken this quiz